00589nam a2200181Ia 4500008004100000020001800041041000800059082001500067100001900082245007800101250001200179260003600191300000900227365000700236650001200243952013500255999001700390251210s2024 xx 000 0 und d a9789395736541 aeng a610.73 DAV aDavid , Mary T aCommunicative english for B.Sc. Nursing : As per the revised INC syllabus a3rd ed. aNew DelhibWolters Kluwerc2024 a298p cRS aEnglish 00104070aCNbCNcR12S16d2025-10-28eCBS publishers and distributorsg625.00l0o610.73 DAVpCN5922r2025-12-10w2025-12-10yCR c64215d64215